000 00606nam a2200205 a 4500
999 _c3826
_d3826
001 3826
003 BD-JhCC
005 20171118202104.0
008 171118s1976 b ||||| |||| 00| 0 b d
035 _a(BD-JhCC)
040 _aBD-JhCC
_dBD-JhCC
041 _aben
082 _a502
_bCHA 1976
100 _aচক্রবর্তী, তপন
245 _aমানুষের জন্য বিজ্ঞান /
_cতপন চক্রবর্তী
260 _aঢাকা :
_bমুক্তধারা,
_c১৯৭৬
300 _a117 p. :
_c22cm.
650 _aScience
942 _2ddc
_cBK